[Event "Clash of Blames"]
[Site "stage.worldchess.com"]
[Date "2024.08.19"]
[Round "1"]
[White "Kramnik, Vladimir"]
[Black "Martinez Alcantara, Jose Eduardo"]
[Result "1-0"]
[Board "1"]
[TimeControl "180+2"]
[WhiteFideId "4101588"]
[BlackFideId "3805662"]
[WhiteTitle "GM"]
[BlackTitle "GM"]
[WhiteElo "2676"]
[BlackElo "2641"]
[WhiteTeam "RUS"]
[BlackTeam "MEX"]
[WhiteClock "0:00:55"]
[BlackClock "0:00:28"]
[Variant "Standard"]

1. e4 {[%clk 0:03:02]}  c5 {[%clk 0:03:02]} 2. Nf3 {[%clk 0:03:02]}  d6 {[%clk 0:03:03]} 3. d4 {[%clk 0:03:03]}  cxd4 {[%clk 0:03:04]} 4. Nxd4 {[%clk 0:03:04]}  Nf6 {[%clk 0:03:05]} 5. Nc3 {[%clk 0:03:05]}  a6 {[%clk 0:03:06]} 6. Be3 {[%clk 0:03:06]}  e6 {[%clk 0:03:03]} 7. g4 {[%clk 0:03:05]}  Nfd7 {[%clk 0:02:56]} 8. g5 {[%clk 0:02:59]}  b5 {[%clk 0:02:53]} 9. a3 {[%clk 0:03:00]}  Bb7 {[%clk 0:02:53]} 10. f4 {[%clk 0:02:58]}  Nc6 {[%clk 0:02:43]} 11. Rg1 {[%clk 0:02:59]}  Rc8 {[%clk 0:02:41]} 12. Rg3 {[%clk 0:02:58]}  Nxd4 {[%clk 0:02:32]} 13. Qxd4 {[%clk 0:02:55]}  e5 {[%clk 0:02:27]} 14. Qd2 {[%clk 0:02:52]}  exf4 {[%clk 0:02:16]} 15. Bxf4 {[%clk 0:02:53]}  Ne5 {[%clk 0:02:14]} 16. Bxe5 {[%clk 0:02:32]}  dxe5 {[%clk 0:02:14]} 17. Rd3 {[%clk 0:02:33]}  Qc7 {[%clk 0:02:01]} 18. O-O-O {[%clk 0:02:18]}  b4 {[%clk 0:01:09]} 19. Nd5 {[%clk 0:02:19]}  Bxd5 {[%clk 0:00:58]} 20. Rxd5 {[%clk 0:02:20]}  Be7 {[%clk 0:00:54]} 21. Kb1 {[%clk 0:01:48]}  O-O {[%clk 0:00:45]} 22. Rd7 {[%clk 0:01:39]}  Qc5 {[%clk 0:00:45]} 23. axb4 {[%clk 0:01:36]}  Qxb4 {[%clk 0:00:44]} 24. Qxb4 {[%clk 0:01:36]}  Bxb4 {[%clk 0:00:46]} 25. Bxa6 {[%clk 0:01:37]}  Rc6 {[%clk 0:00:40]} 26. Bb7 {[%clk 0:01:33]}  Rb6 {[%clk 0:00:32]} 27. Bd5 {[%clk 0:01:29]}  Bc3 {[%clk 0:00:32]} 28. Bb3 {[%clk 0:01:23]}  Bd4 {[%clk 0:00:33]} 29. Rf1 {[%clk 0:01:18]}  h6 {[%clk 0:00:35]} 30. g6 {[%clk 0:00:55]}  Rxg6 {[%clk 0:00:28]} 31. Rdxf7 {[%clk 0:00:55]} 1-0

[Event "Clash of Blames"]
[Site "stage.worldchess.com"]
[Date "2024.08.19"]
[Round "2"]
[White "Martinez Alcantara, Jose Eduardo"]
[Black "Kramnik, Vladimir"]
[Result "1-0"]
[Board "2"]
[WhiteFideId "3805662"]
[BlackFideId "4101588"]
[WhiteTitle "GM"]
[BlackTitle "GM"]
[WhiteElo "2623"]
[BlackElo "2694"]
[WhiteTeam "MEX"]
[BlackTeam "RUS"]
[WhiteClock "0:00:20"]
[BlackClock "0:00:11"]
[Variant "Standard"]

1. e4 {[%clk 0:03:02]}  c5 {[%clk 0:03:02]} 2. Nf3 {[%clk 0:03:02]}  d6 {[%clk 0:03:03]} 3. c3 {[%clk 0:03:03]}  Nf6 {[%clk 0:03:04]} 4. Be2 {[%clk 0:03:03]}  g6 {[%clk 0:03:03]} 5. O-O {[%clk 0:03:03]}  Bg7 {[%clk 0:03:04]} 6. d3 {[%clk 0:03:05]}  O-O {[%clk 0:03:01]} 7. Be3 {[%clk 0:03:05]}  Nc6 {[%clk 0:03:00]} 8. Nbd2 {[%clk 0:03:06]}  e5 {[%clk 0:02:49]} 9. h3 {[%clk 0:03:06]}  h6 {[%clk 0:02:46]} 10. a3 {[%clk 0:03:06]}  Re8 {[%clk 0:02:38]} 11. b4 {[%clk 0:03:06]}  b6 {[%clk 0:02:30]} 12. Re1 {[%clk 0:02:55]}  Be6 {[%clk 0:02:07]} 13. Bf1 {[%clk 0:02:55]}  d5 {[%clk 0:02:05]} 14. bxc5 {[%clk 0:02:43]}  bxc5 {[%clk 0:02:04]} 15. Bxc5 {[%clk 0:02:35]}  Rc8 {[%clk 0:02:04]} 16. Rc1 {[%clk 0:02:16]}  g5 {[%clk 0:01:50]} 17. exd5 {[%clk 0:02:07]}  Nxd5 {[%clk 0:01:41]} 18. Ne4 {[%clk 0:02:05]}  Na5 {[%clk 0:01:30]} 19. Bb4 {[%clk 0:01:56]}  Nb7 {[%clk 0:01:22]} 20. c4 {[%clk 0:01:51]}  Nxb4 {[%clk 0:01:22]} 21. axb4 {[%clk 0:01:53]}  f5 {[%clk 0:01:23]} 22. Ng3 {[%clk 0:01:52]}  a5 {[%clk 0:01:05]} 23. bxa5 {[%clk 0:01:47]}  Qxa5 {[%clk 0:00:50]} 24. Rb1 {[%clk 0:01:47]}  Nd6 {[%clk 0:00:48]} 25. Nh5 {[%clk 0:01:28]}  Bh8 {[%clk 0:00:49]} 26. Ra1 {[%clk 0:01:16]}  Qc5 {[%clk 0:00:46]} 27. Ra6 {[%clk 0:01:17]}  Bf7 {[%clk 0:00:30]} 28. Ng3 {[%clk 0:01:13]}  e4 {[%clk 0:00:29]} 29. d4 {[%clk 0:01:01]}  Qb4 {[%clk 0:00:22]} 30. Ne5 {[%clk 0:01:00]}  Rxe5 {[%clk 0:00:13]} 31. dxe5 {[%clk 0:01:02]}  Bxe5 {[%clk 0:00:14]} 32. Rxd6 {[%clk 0:00:34]}  Qxd6 {[%clk 0:00:11]} 33. Qxd6 {[%clk 0:00:34]}  Bxd6 {[%clk 0:00:13]} 34. Nxf5 {[%clk 0:00:36]}  Bf8 {[%clk 0:00:14]} 35. Rxe4 {[%clk 0:00:35]}  Rc7 {[%clk 0:00:11]} 36. Rd4 {[%clk 0:00:30]}  Be6 {[%clk 0:00:10]} 37. Nd6 {[%clk 0:00:22]}  Rc6 {[%clk 0:00:09]} 38. Ne4 {[%clk 0:00:21]}  Kg7 {[%clk 0:00:09]} 39. Rd1 {[%clk 0:00:12]}  Be7 {[%clk 0:00:09]} 40. Ng3 {[%clk 0:00:12]}  Kf7 {[%clk 0:00:07]} 41. Be2 {[%clk 0:00:14]}  Rd6 {[%clk 0:00:04]} 42. Bh5+ {[%clk 0:00:12]}  Kf8 {[%clk 0:00:04]} 43. Rc1 {[%clk 0:00:11]}  Rc6 {[%clk 0:00:04]} 44. Be2 {[%clk 0:00:12]}  Bc5 {[%clk 0:00:05]} 45. Bf3 {[%clk 0:00:12]}  Rc7 {[%clk 0:00:05]} 46. Bg4 {[%clk 0:00:13]}  Bf7 {[%clk 0:00:05]} 47. Ne4 {[%clk 0:00:14]}  Ba3 {[%clk 0:00:05]} 48. Ra1 {[%clk 0:00:12]}  Be7 {[%clk 0:00:06]} 49. Be2 {[%clk 0:00:08]}  Kg7 {[%clk 0:00:06]} 50. Ng3 {[%clk 0:00:09]}  Be6 {[%clk 0:00:07]} 51. Ra6 {[%clk 0:00:09]}  Bd7 {[%clk 0:00:05]} 52. Bg4 {[%clk 0:00:10]}  Bxg4 {[%clk 0:00:04]} 53. hxg4 {[%clk 0:00:12]}  Rxc4 {[%clk 0:00:04]} 54. Nf5+ {[%clk 0:00:11]}  Kf8 {[%clk 0:00:05]} 55. Ra8+ {[%clk 0:00:09]}  Kf7 {[%clk 0:00:06]} 56. Ra7 {[%clk 0:00:10]}  Kf6 {[%clk 0:00:07]} 57. Nxe7 {[%clk 0:00:09]}  Rxg4 {[%clk 0:00:06]} 58. Nd5+ {[%clk 0:00:11]}  Ke5 {[%clk 0:00:07]} 59. Ne3 {[%clk 0:00:12]}  Rb4 {[%clk 0:00:07]} 60. Ra5+ {[%clk 0:00:12]}  Ke4 {[%clk 0:00:05]} 61. g4 {[%clk 0:00:10]}  Kf3 {[%clk 0:00:04]} 62. Rf5+ {[%clk 0:00:11]}  Ke2 {[%clk 0:00:06]} 63. Kg2 {[%clk 0:00:11]}  Rb6 {[%clk 0:00:04]} 64. Nf1 {[%clk 0:00:12]}  Re6 {[%clk 0:00:04]} 65. Ng3+ {[%clk 0:00:13]}  Kd3 {[%clk 0:00:05]} 66. Rf8 {[%clk 0:00:14]}  Kd2 {[%clk 0:00:05]} 67. Rh8 {[%clk 0:00:14]}  Kd3 {[%clk 0:00:06]} 68. Nf5 {[%clk 0:00:15]}  Re4 {[%clk 0:00:06]} 69. Kg3 {[%clk 0:00:14]}  Ke2 {[%clk 0:00:08]} 70. Rxh6 {[%clk 0:00:13]}  Rf4 {[%clk 0:00:09]} 71. Re6+ {[%clk 0:00:11]}  Kf1 {[%clk 0:00:10]} 72. Ne3+ {[%clk 0:00:13]}  Kg1 {[%clk 0:00:10]} 73. Ng2 {[%clk 0:00:12]}  Rxf2 {[%clk 0:00:04]} 74. Re1+ {[%clk 0:00:12]}  Rf1 {[%clk 0:00:04]} 75. Rxf1+ {[%clk 0:00:14]}  Kxf1 {[%clk 0:00:06]} 76. Kf3 {[%clk 0:00:15]}  Kg1 {[%clk 0:00:07]} 77. Ne3 {[%clk 0:00:16]}  Kh2 {[%clk 0:00:08]} 78. Ke4 {[%clk 0:00:18]}  Kg3 {[%clk 0:00:09]} 79. Kf5 {[%clk 0:00:19]}  Kh4 {[%clk 0:00:11]} 80. Nc4 {[%clk 0:00:20]} 1-0

[Event "Clash of Blames"]
[Site "stage.worldchess.com"]
[Date "2024.08.19"]
[Round "3"]
[White "Kramnik, Vladimir"]
[Black "Martinez Alcantara, Jose Eduardo"]
[Result "1/2-1/2"]
[Board "3"]
[WhiteFideId "4101588"]
[BlackFideId "3805662"]
[WhiteTitle "GM"]
[BlackTitle "GM"]
[WhiteElo "2670"]
[BlackElo "2647"]
[WhiteTeam "RUS"]
[BlackTeam "MEX"]
[WhiteClock "0:00:13"]
[BlackClock "0:00:11"]
[Variant "Standard"]

1. e4 {[%clk 0:03:02]}  e5 {[%clk 0:03:02]} 2. Nf3 {[%clk 0:03:03]}  Nc6 {[%clk 0:03:02]} 3. Bc4 {[%clk 0:03:04]}  Bc5 {[%clk 0:03:02]} 4. c3 {[%clk 0:03:05]}  Nf6 {[%clk 0:03:03]} 5. d3 {[%clk 0:03:06]}  d6 {[%clk 0:03:04]} 6. O-O {[%clk 0:03:07]}  Bb6 {[%clk 0:03:04]} 7. a4 {[%clk 0:03:03]}  h6 {[%clk 0:03:01]} 8. Nbd2 {[%clk 0:03:00]}  O-O {[%clk 0:02:55]} 9. Bb3 {[%clk 0:02:57]}  a6 {[%clk 0:02:53]} 10. Re1 {[%clk 0:02:53]}  Be6 {[%clk 0:02:40]} 11. Bxe6 {[%clk 0:02:51]}  fxe6 {[%clk 0:02:42]} 12. Nc4 {[%clk 0:02:50]}  Ba7 {[%clk 0:02:43]} 13. Be3 {[%clk 0:02:50]}  Bxe3 {[%clk 0:02:43]} 14. Nxe3 {[%clk 0:02:50]}  Qd7 {[%clk 0:02:37]} 15. b4 {[%clk 0:02:48]}  Ne7 {[%clk 0:02:37]} 16. g3 {[%clk 0:02:24]}  Kh8 {[%clk 0:02:32]} 17. Kg2 {[%clk 0:02:24]}  Rf7 {[%clk 0:02:30]} 18. Ra2 {[%clk 0:02:18]}  Raf8 {[%clk 0:02:31]} 19. Ng1 {[%clk 0:02:16]}  d5 {[%clk 0:02:28]} 20. f3 {[%clk 0:02:05]}  Ng6 {[%clk 0:02:09]} 21. Rd2 {[%clk 0:02:05]}  Rd8 {[%clk 0:02:05]} 22. Ree2 {[%clk 0:01:58]}  d4 {[%clk 0:01:55]} 23. cxd4 {[%clk 0:01:55]}  exd4 {[%clk 0:01:57]} 24. Nc4 {[%clk 0:01:56]}  e5 {[%clk 0:01:52]} 25. Rf2 {[%clk 0:01:49]}  Rdf8 {[%clk 0:01:51]} 26. Nh3 {[%clk 0:01:43]}  Qe6 {[%clk 0:01:38]} 27. b5 {[%clk 0:01:39]}  Nd7 {[%clk 0:01:30]} 28. Rb2 {[%clk 0:01:27]}  Nc5 {[%clk 0:01:23]} 29. b6 {[%clk 0:01:27]}  c6 {[%clk 0:01:10]} 30. Na5 {[%clk 0:01:25]}  Rb8 {[%clk 0:00:54]} 31. Qc2 {[%clk 0:01:21]}  Nd7 {[%clk 0:00:55]} 32. Rb1 {[%clk 0:01:17]}  Rf6 {[%clk 0:00:55]} 33. Nc4 {[%clk 0:01:06]}  Rbf8 {[%clk 0:00:49]} 34. Ng1 {[%clk 0:01:03]}  Ne7 {[%clk 0:00:45]} 35. Qb3 {[%clk 0:00:59]}  c5 {[%clk 0:00:41]} 36. Na5 {[%clk 0:00:47]}  Qxb3 {[%clk 0:00:32]} 37. Rxb3 {[%clk 0:00:47]}  Nxb6 {[%clk 0:00:33]} 38. Rc2 {[%clk 0:00:38]}  Nxa4 {[%clk 0:00:23]} 39. Rxb7 {[%clk 0:00:34]}  Nc6 {[%clk 0:00:25]} 40. Nxc6 {[%clk 0:00:23]}  Rxc6 {[%clk 0:00:26]} 41. Re7 {[%clk 0:00:18]}  c4 {[%clk 0:00:23]} 42. Rxc4 {[%clk 0:00:19]}  Rxc4 {[%clk 0:00:23]} 43. dxc4 {[%clk 0:00:20]}  Rd8 {[%clk 0:00:24]} 44. Nh3 {[%clk 0:00:17]}  d3 {[%clk 0:00:25]} 45. Nf2 {[%clk 0:00:18]}  d2 {[%clk 0:00:25]} 46. Nd1 {[%clk 0:00:16]}  Rd4 {[%clk 0:00:12]} 47. Rxe5 {[%clk 0:00:17]}  Rxc4 {[%clk 0:00:13]} 48. Rd5 {[%clk 0:00:18]}  Rc2 {[%clk 0:00:10]} 49. Kh3 {[%clk 0:00:18]}  Nc5 {[%clk 0:00:09]} 50. Ne3 {[%clk 0:00:12]}  Rc3 {[%clk 0:00:10]} 51. Nd1 {[%clk 0:00:13]}  Rc2 {[%clk 0:00:12]} 52. Ne3 {[%clk 0:00:12]}  Rc3 {[%clk 0:00:12]} 53. Nd1 {[%clk 0:00:13]}  Rc2 {[%clk 0:00:11]} 1/2-1/2

[Event "Clash of Blames"]
[Site "stage.worldchess.com"]
[Date "2024.08.19"]
[Round "4"]
[White "Martinez Alcantara, Jose Eduardo"]
[Black "Kramnik, Vladimir"]
[Result "1-0"]
[Board "4"]
[WhiteFideId "3805662"]
[BlackFideId "4101588"]
[WhiteTitle "GM"]
[BlackTitle "GM"]
[WhiteElo "2648"]
[BlackElo "2669"]
[WhiteTeam "MEX"]
[BlackTeam "RUS"]
[WhiteClock "0:00:14"]
[BlackClock "0:00:08"]
[Variant "Standard"]

1. e4 {[%clk 0:03:02]}  c5 {[%clk 0:03:02]} 2. Nf3 {[%clk 0:03:02]}  d6 {[%clk 0:03:03]} 3. c3 {[%clk 0:03:04]}  Nf6 {[%clk 0:03:04]} 4. Be2 {[%clk 0:03:05]}  g6 {[%clk 0:03:05]} 5. O-O {[%clk 0:03:06]}  Bg7 {[%clk 0:03:06]} 6. d3 {[%clk 0:03:08]}  O-O {[%clk 0:03:07]} 7. Be3 {[%clk 0:03:10]}  b6 {[%clk 0:03:07]} 8. Nbd2 {[%clk 0:03:11]}  Bb7 {[%clk 0:03:08]} 9. Re1 {[%clk 0:03:10]}  Nbd7 {[%clk 0:03:07]} 10. h3 {[%clk 0:03:08]}  Qc7 {[%clk 0:03:04]} 11. Rc1 {[%clk 0:03:09]}  d5 {[%clk 0:03:02]} 12. Bg5 {[%clk 0:02:46]}  dxe4 {[%clk 0:02:56]} 13. Nxe4 {[%clk 0:02:35]}  Nxe4 {[%clk 0:02:44]} 14. dxe4 {[%clk 0:02:36]}  Ne5 {[%clk 0:02:39]} 15. Qc2 {[%clk 0:02:31]}  Rad8 {[%clk 0:02:27]} 16. Rcd1 {[%clk 0:02:31]}  h6 {[%clk 0:02:26]} 17. Be3 {[%clk 0:02:29]}  g5 {[%clk 0:02:21]} 18. Nd2 {[%clk 0:01:48]}  Ng6 {[%clk 0:02:17]} 19. Nf1 {[%clk 0:01:42]}  Be5 {[%clk 0:02:13]} 20. Bg4 {[%clk 0:01:41]}  Kg7 {[%clk 0:02:07]} 21. Bc1 {[%clk 0:01:38]}  e6 {[%clk 0:02:06]} 22. Rxd8 {[%clk 0:01:25]}  Rxd8 {[%clk 0:02:06]} 23. g3 {[%clk 0:01:23]}  Qc6 {[%clk 0:01:51]} 24. Bf3 {[%clk 0:01:23]}  f5 {[%clk 0:01:39]} 25. Qe2 {[%clk 0:01:04]}  f4 {[%clk 0:01:31]} 26. Bh5 {[%clk 0:01:05]}  fxg3 {[%clk 0:01:23]} 27. fxg3 {[%clk 0:01:03]}  Qd6 {[%clk 0:01:12]} 28. Qg2 {[%clk 0:00:45]}  Ba6 {[%clk 0:00:50]} 29. h4 {[%clk 0:00:36]}  Qe7 {[%clk 0:00:30]} 30. Nh2 {[%clk 0:00:24]}  Rf8 {[%clk 0:00:30]} 31. Nf3 {[%clk 0:00:22]}  g4 {[%clk 0:00:25]} 32. Bxg4 {[%clk 0:00:21]}  Kh7 {[%clk 0:00:13]} 33. h5 {[%clk 0:00:21]}  Nf4 {[%clk 0:00:08]} 34. gxf4 {[%clk 0:00:20]}  Bxf4 {[%clk 0:00:08]} 35. Bf5+ {[%clk 0:00:11]}  exf5 {[%clk 0:00:08]} 36. Qg6+ {[%clk 0:00:13]}  Kh8 {[%clk 0:00:08]} 37. Bxf4 {[%clk 0:00:14]} 1-0

[Event "Clash of Blames"]
[Site "stage.worldchess.com"]
[Date "2024.08.19"]
[Round "5"]
[White "Kramnik, Vladimir"]
[Black "Martinez Alcantara, Jose Eduardo"]
[Result "0-1"]
[Board "5"]
[WhiteFideId "4101588"]
[BlackFideId "3805662"]
[WhiteTitle "GM"]
[BlackTitle "GM"]
[WhiteElo "2648"]
[BlackElo "2669"]
[WhiteTeam "RUS"]
[BlackTeam "MEX"]
[WhiteClock "0:00:03"]
[BlackClock "0:00:27"]
[Variant "Standard"]

1. e4 {[%clk 0:03:02]}  e5 {[%clk 0:03:02]} 2. Nf3 {[%clk 0:03:03]}  Nc6 {[%clk 0:03:03]} 3. Bc4 {[%clk 0:03:02]}  Bc5 {[%clk 0:03:03]} 4. c3 {[%clk 0:03:02]}  Nf6 {[%clk 0:03:03]} 5. d3 {[%clk 0:03:03]}  d6 {[%clk 0:03:04]} 6. O-O {[%clk 0:03:02]}  Bb6 {[%clk 0:03:04]} 7. Nbd2 {[%clk 0:03:03]}  O-O {[%clk 0:03:03]} 8. Bb3 {[%clk 0:03:04]}  a6 {[%clk 0:02:59]} 9. Nc4 {[%clk 0:02:54]}  Ba7 {[%clk 0:03:00]} 10. Bg5 {[%clk 0:02:55]}  h6 {[%clk 0:02:55]} 11. Bh4 {[%clk 0:02:57]}  Be6 {[%clk 0:02:10]} 12. Ne3 {[%clk 0:02:56]}  Kh8 {[%clk 0:01:42]} 13. Nd5 {[%clk 0:02:00]}  Bxd5 {[%clk 0:01:42]} 14. exd5 {[%clk 0:01:54]}  Nb8 {[%clk 0:01:35]} 15. d4 {[%clk 0:01:56]}  Nbd7 {[%clk 0:01:30]} 16. Bc2 {[%clk 0:01:51]}  Re8 {[%clk 0:01:11]} 17. Re1 {[%clk 0:01:52]}  exd4 {[%clk 0:01:10]} 18. cxd4 {[%clk 0:01:41]}  Rxe1+ {[%clk 0:01:01]} 19. Qxe1 {[%clk 0:01:40]}  Qe8 {[%clk 0:00:45]} 20. Qb4 {[%clk 0:01:26]}  Rb8 {[%clk 0:00:44]} 21. Re1 {[%clk 0:01:24]}  Qf8 {[%clk 0:00:45]} 22. Bb3 {[%clk 0:01:20]}  g5 {[%clk 0:00:42]} 23. Bg3 {[%clk 0:01:20]}  Nh5 {[%clk 0:00:39]} 24. Qc3 {[%clk 0:01:07]}  Bb6 {[%clk 0:00:39]} 25. Bc2 {[%clk 0:01:04]}  Ndf6 {[%clk 0:00:39]} 26. Qd3 {[%clk 0:00:43]}  Re8 {[%clk 0:00:39]} 27. Be5 {[%clk 0:00:28]}  dxe5 {[%clk 0:00:34]} 28. dxe5 {[%clk 0:00:29]}  Qc5 {[%clk 0:00:36]} 29. Rf1 {[%clk 0:00:11]}  Qxd5 {[%clk 0:00:36]} 30. Qf5 {[%clk 0:00:12]}  g4 {[%clk 0:00:29]} 31. Bb3 {[%clk 0:00:11]}  Qe4 {[%clk 0:00:28]} 32. Qxe4 {[%clk 0:00:08]}  Nxe4 {[%clk 0:00:30]} 33. Bxf7 {[%clk 0:00:09]}  Re7 {[%clk 0:00:30]} 34. Bxh5 {[%clk 0:00:08]}  gxf3 {[%clk 0:00:32]} 35. Bxf3 {[%clk 0:00:05]}  Rxe5 {[%clk 0:00:30]} 36. g3 {[%clk 0:00:03]}  Nd2 {[%clk 0:00:27]} 0-1

[Event "Clash of Blames"]
[Site "London, GB"]
[Date "2024.08.19"]
[Round "7"]
[White "Kramnik, Vladimir"]
[Black "Martinez Alcantara, Jose Eduardo"]
[Result "1/2-1/2"]
[Board "1"]
[WhiteFideId "4101588"]
[BlackFideId "3805662"]
[WhiteTitle "GM"]
[BlackTitle "GM"]
[WhiteElo "2676"]
[BlackElo "2691"]
[WhiteTeam "RUS"]
[BlackTeam "MEX"]
[WhiteClock "0:00:11"]
[BlackClock "0:00:10"]
[Variant "Standard"]

1. e4 {[%clk 0:03:03]}  e5 {[%clk 0:03:03]} 2. Nf3 {[%clk 0:03:04]}  Nc6 {[%clk 0:03:04]} 3. Bc4 {[%clk 0:03:05]}  Bc5 {[%clk 0:03:05]} 4. c3 {[%clk 0:03:06]}  Nf6 {[%clk 0:03:06]} 5. d3 {[%clk 0:03:07]}  d6 {[%clk 0:03:06]} 6. O-O {[%clk 0:03:07]}  Bb6 {[%clk 0:03:07]} 7. Nbd2 {[%clk 0:03:08]}  Ne7 {[%clk 0:03:04]} 8. d4 {[%clk 0:03:01]}  Ng6 {[%clk 0:03:01]} 9. Re1 {[%clk 0:03:01]}  O-O {[%clk 0:03:00]} 10. Bf1 {[%clk 0:03:00]}  Re8 {[%clk 0:02:57]} 11. h3 {[%clk 0:02:49]}  c6 {[%clk 0:02:53]} 12. a4 {[%clk 0:02:47]}  Bc7 {[%clk 0:02:40]} 13. dxe5 {[%clk 0:02:44]}  dxe5 {[%clk 0:02:40]} 14. b4 {[%clk 0:02:39]}  h6 {[%clk 0:02:37]} 15. a5 {[%clk 0:02:40]}  Be6 {[%clk 0:02:35]} 16. Qc2 {[%clk 0:02:32]}  b6 {[%clk 0:02:25]} 17. Nc4 {[%clk 0:02:18]}  Qe7 {[%clk 0:02:12]} 18. Be3 {[%clk 0:02:15]}  b5 {[%clk 0:01:35]} 19. Bc5 {[%clk 0:02:14]}  Qd8 {[%clk 0:01:33]} 20. Rad1 {[%clk 0:02:10]}  Qc8 {[%clk 0:01:34]} 21. Nd6 {[%clk 0:02:06]}  Bxd6 {[%clk 0:01:34]} 22. Bxd6 {[%clk 0:02:00]}  Nd7 {[%clk 0:01:35]} 23. c4 {[%clk 0:01:49]}  Qb7 {[%clk 0:01:37]} 24. c5 {[%clk 0:01:26]}  f6 {[%clk 0:01:26]} 25. g3 {[%clk 0:01:27]}  Ndf8 {[%clk 0:01:27]} 26. h4 {[%clk 0:01:24]}  Qf7 {[%clk 0:01:26]} 27. Qc3 {[%clk 0:01:19]}  Rad8 {[%clk 0:01:08]} 28. a6 {[%clk 0:01:19]}  Ne7 {[%clk 0:01:07]} 29. Rd2 {[%clk 0:01:11]}  Nc8 {[%clk 0:01:03]} 30. Red1 {[%clk 0:00:55]}  Bb3 {[%clk 0:00:59]} 31. Rb1 {[%clk 0:00:52]}  Be6 {[%clk 0:01:00]} 32. Be2 {[%clk 0:00:47]}  Rd7 {[%clk 0:00:55]} 33. Bxf8 {[%clk 0:00:42]}  Rxf8 {[%clk 0:00:54]} 34. Rxd7 {[%clk 0:00:41]}  Qxd7 {[%clk 0:00:55]} 35. Rd1 {[%clk 0:00:40]}  Qf7 {[%clk 0:00:46]} 36. Kg2 {[%clk 0:00:39]}  h5 {[%clk 0:00:46]} 37. Rd2 {[%clk 0:00:37]}  g6 {[%clk 0:00:40]} 38. Qc1 {[%clk 0:00:30]}  Qe7 {[%clk 0:00:24]} 39. Ne1 {[%clk 0:00:20]}  Rd8 {[%clk 0:00:20]} 40. Nc2 {[%clk 0:00:20]}  Kg7 {[%clk 0:00:18]} 41. f3 {[%clk 0:00:14]}  Qc7 {[%clk 0:00:18]} 42. Qd1 {[%clk 0:00:13]}  Rxd2 {[%clk 0:00:18]} 43. Qxd2 {[%clk 0:00:15]}  Ne7 {[%clk 0:00:18]} 44. Ne3 {[%clk 0:00:15]}  Kf7 {[%clk 0:00:13]} 45. Kf2 {[%clk 0:00:15]}  Qd7 {[%clk 0:00:14]} 46. Qc3 {[%clk 0:00:16]}  Qd8 {[%clk 0:00:13]} 47. f4 {[%clk 0:00:14]}  exf4 {[%clk 0:00:06]} 48. gxf4 {[%clk 0:00:15]}  f5 {[%clk 0:00:07]} 49. e5 {[%clk 0:00:08]}  Nd5 {[%clk 0:00:06]} 50. Nxd5 {[%clk 0:00:08]}  Bxd5 {[%clk 0:00:04]} 51. Kg3 {[%clk 0:00:08]}  Qe7 {[%clk 0:00:04]} 52. Qd2 {[%clk 0:00:09]}  Qe6 {[%clk 0:00:04]} 53. Qd4 {[%clk 0:00:10]}  Ke7 {[%clk 0:00:05]} 54. Bd3 {[%clk 0:00:11]}  Kd8 {[%clk 0:00:05]} 55. Be2 {[%clk 0:00:13]}  Kc7 {[%clk 0:00:07]} 56. Qa1 {[%clk 0:00:13]}  Kc8 {[%clk 0:00:08]} 57. Qd4 {[%clk 0:00:13]}  Kc7 {[%clk 0:00:08]} 58. Bf1 {[%clk 0:00:14]}  Kc8 {[%clk 0:00:06]} 59. Bg2 {[%clk 0:00:15]}  Bxg2 {[%clk 0:00:05]} 60. Kxg2 {[%clk 0:00:16]}  Qa2+ {[%clk 0:00:05]} 61. Kf3 {[%clk 0:00:17]}  Qb3+ {[%clk 0:00:06]} 62. Kf2 {[%clk 0:00:14]}  Qc2+ {[%clk 0:00:07]} 63. Kg3 {[%clk 0:00:14]}  Qb3+ {[%clk 0:00:08]} 64. Kh2 {[%clk 0:00:10]}  Qf3 {[%clk 0:00:04]} 65. Qd6 {[%clk 0:00:04]}  Qxf4+ {[%clk 0:00:04]} 66. Kg2 {[%clk 0:00:06]}  Qe4+ {[%clk 0:00:05]} 67. Kg1 {[%clk 0:00:06]}  Qe1+ {[%clk 0:00:06]} 68. Kg2 {[%clk 0:00:07]}  Qe2+ {[%clk 0:00:07]} 69. Kg1 {[%clk 0:00:08]}  Qe1+ {[%clk 0:00:08]} 70. Kg2 {[%clk 0:00:10]}  Qe2+ {[%clk 0:00:10]} 71. Kg1 {[%clk 0:00:11]} 1/2-1/2

[Event "Clash of Blames"]
[Site "London, GB"]
[Date "2024.08.19"]
[Round "8"]
[White "Martinez Alcantara, Jose Eduardo"]
[Black "Kramnik, Vladimir"]
[Result "0-1"]
[Board "1"]
[WhiteFideId "3805662"]
[BlackFideId "4101588"]
[WhiteTitle "GM"]
[BlackTitle "GM"]
[WhiteElo "2691"]
[BlackElo "2676"]
[WhiteTeam "MEX"]
[BlackTeam "RUS"]
[WhiteClock "0:00:06"]
[BlackClock "0:00:12"]
[Variant "Standard"]

1. e4 {[%clk 0:03:02]}  c5 {[%clk 0:03:04]} 2. Nf3 {[%clk 0:03:03]}  d6 {[%clk 0:03:06]} 3. c3 {[%clk 0:03:04]}  Nf6 {[%clk 0:03:07]} 4. Be2 {[%clk 0:03:05]}  g6 {[%clk 0:03:08]} 5. O-O {[%clk 0:03:05]}  Bg7 {[%clk 0:03:09]} 6. d3 {[%clk 0:03:06]}  O-O {[%clk 0:03:09]} 7. Be3 {[%clk 0:03:07]}  b6 {[%clk 0:03:11]} 8. Nbd2 {[%clk 0:03:08]}  Bb7 {[%clk 0:03:12]} 9. Qb1 {[%clk 0:03:08]}  Nbd7 {[%clk 0:03:05]} 10. h3 {[%clk 0:03:03]}  e5 {[%clk 0:03:05]} 11. b4 {[%clk 0:02:59]}  Rc8 {[%clk 0:03:03]} 12. Qb3 {[%clk 0:02:54]}  d5 {[%clk 0:02:57]} 13. Bg5 {[%clk 0:02:47]}  c4 {[%clk 0:02:49]} 14. dxc4 {[%clk 0:02:22]}  dxe4 {[%clk 0:02:50]} 15. Nh2 {[%clk 0:02:23]}  Qc7 {[%clk 0:02:43]} 16. Rad1 {[%clk 0:02:17]}  h6 {[%clk 0:02:44]} 17. Be3 {[%clk 0:02:18]}  Rfd8 {[%clk 0:02:37]} 18. Rfe1 {[%clk 0:02:11]}  h5 {[%clk 0:02:20]} 19. Nhf1 {[%clk 0:02:08]}  Nf8 {[%clk 0:02:19]} 20. Qb1 {[%clk 0:01:53]}  Ne6 {[%clk 0:02:16]} 21. Ng3 {[%clk 0:01:51]}  Qc6 {[%clk 0:01:59]} 22. b5 {[%clk 0:01:37]}  Qe8 {[%clk 0:02:00]} 23. Ndxe4 {[%clk 0:01:28]}  Nxe4 {[%clk 0:01:59]} 24. Nxe4 {[%clk 0:01:28]}  Bxe4 {[%clk 0:01:56]} 25. Qxe4 {[%clk 0:01:28]}  f5 {[%clk 0:01:56]} 26. Qc2 {[%clk 0:01:11]}  e4 {[%clk 0:01:56]} 27. Rd5 {[%clk 0:00:57]}  f4 {[%clk 0:01:14]} 28. Bc1 {[%clk 0:00:40]}  Rxd5 {[%clk 0:01:11]} 29. cxd5 {[%clk 0:00:41]}  Bxc3 {[%clk 0:01:10]} 30. dxe6 {[%clk 0:00:14]}  Bxe1 {[%clk 0:01:11]} 31. Bc4 {[%clk 0:00:15]}  e3 {[%clk 0:00:44]} 32. fxe3 {[%clk 0:00:13]}  Kh7 {[%clk 0:00:43]} 33. Qe4 {[%clk 0:00:10]}  Qe7 {[%clk 0:00:35]} 34. Bb2 {[%clk 0:00:06]}  Qc5 {[%clk 0:00:05]} 35. Bd3 {[%clk 0:00:04]}  Qxe3+ {[%clk 0:00:05]} 36. Qxe3 {[%clk 0:00:05]}  fxe3 {[%clk 0:00:06]} 37. Be4 {[%clk 0:00:04]}  Bb4 {[%clk 0:00:05]} 38. Bc6 {[%clk 0:00:04]}  Bc5 {[%clk 0:00:06]} 39. Kf1 {[%clk 0:00:06]}  Rf8+ {[%clk 0:00:08]} 40. Ke1 {[%clk 0:00:06]}  Rf2 {[%clk 0:00:08]} 41. Bc3 {[%clk 0:00:05]}  Rc2 {[%clk 0:00:09]} 42. Be5 {[%clk 0:00:03]}  Bb4+ {[%clk 0:00:10]} 43. Kd1 {[%clk 0:00:05]}  e2+ {[%clk 0:00:12]} 44. Kxc2 {[%clk 0:00:06]}  e1=Q {[%clk 0:00:12]} 0-1